Hast du Glück?-mein hundertstes Quiz - Statistiken

Allgemein
  • Dieses Quiz wurde 27 mal gespielt
  • Das Durchschnittsergebnis liegt bei 1 aus 13
Answers on the Grid
Answers color-coded by a green-red scale on the quiz's grid according to % correct below.
Deutsche Weltmeister
1.000-Spiele-Special: Bundesligaspieler mit mind. 1.000 Spielminuten
25 Meistgestreamte Guns N Roses Songs auf Spotify (Stand: 07.02.2026)
Alte Fußballlogos
Alle Figuren aus der Serie "King of Queens"
WM 2026- Teilnehmer
Amerikanische Rockbands
Hast du Glück?-mein hundertstes Quiz
Deutsche Fußballer in England
Die 10 teuersten Bundesligazu- und abgänge aller Zeiten
Rockbands/ -musiker anhand von Emojis erraten
Schachquiz
schlecht gezeichnete Vereinslogos
The Boys- Charakter erkennen
Zufälliges Land erkennen #2
Rocksongs schlecht erklärt #2
kreisfreie Städte in Bayern anhand von Wappen erkennen
FC Bayern Rückennummerhistorie #6
Länder des Römischen Reiches
Wissensquiz-Allgemeinwissen
Mehr oder weniger als 5?
Flaggenpuzzle
Lateinische Sprüche und Latein im Alltag
Rockbands/-musiker nach Album erraten
Länder mit oranger Flagge
Rock-Klassiker der richtigen Band zuordnen
Dieses Trikot ist so....
Deutsche Fußballer in Frankreich
Höchste Berge pro Land
Aktueller FC Bayern Kader (25/26) nach Rückennummern
Länder mit schwarzer Flagge
Die richtige Flagge
Länder mit weißer Flagge
Deutsche Fußballer in Italien
Länder mit Tieren in der Flagge
Länder anhand von Persönlichkeiten erkennen
Friedfisch oder Raubfisch?
WM 2026-Playoffteilnehmer
Immer vorwärts FC Bayern- Fangesang vervollständigen
DFB Pokal- Vereinsleistungen
FC Bayern Rückennummerhistorie #11
Falsch gefärbte Flaggen
Rocksongs schlecht erklärt #3
Wo bist du?
Europäische Länderflaggen vor 100 Jahren
FC Bayern Rückennummerhistorie #16
DFB Pokal-Vereinsleistungen #2
Die Dinos sind los!
Länder mit der Farbe grau in der Flagge
Die 10 besten Gitarristen aller Zeiten (Rolling Stone Magazine)
Rekordmeister im Fußball
Länder mit grüner Flagge
DFB-Pokal-Special: Spieler, die bei Bayern und Leipzig gespielt haben
Europäische Fußballer
FC Bayern Rückennummerhistorie #10
Länder mit roter Flagge
FC Bayern Rückennummerhistorie #1
Flüsse der Welt
Länder mit blauer Flagge
FC Bayern Rückennummerhistorie #9
Nationalmannschafts-Leistungen bei WMs
FC Bayern Rückennummerhistorie #15
FC Bayern Rückennummerhistorie #19
FC Bayern Rückennummerhistorie #12
FC Bayern Rückennummerhistorie #22
Leitsprüche europäischer Länder
Zufällige Rocksongs erraten
Flaggenpuzzle #2
FC Bayern Rückennummerhistorie #20
FC Bayern Rückennummerhistorie #21
FC Bayern Rückennummerhistorie #17
Europäische Flaggen vor 200 Jahren
Zufälliges Land erkennen #1
Rocksongs schlecht erklärt
Pokal-Special: Spieler, die für Leverkusen und Bayern gespielt haben
Kombinierte Fußballogos
Fußballogo + Markenlogo
Welches Land schlägt die anderen?
Deutsche Fußballer in Spanien
FC Bayern Rückennummerhistorie #13
Verrücktes Europa
Zufällige Rocksongs erraten #2
FC Bayern Rückennummerhistorie #3
FC Bayern Rückennummerhistorie #18
FC Bayern Rückennummerhistorie #14
FC Bayern Rückennummerhistorie #2
FC Bayern Rückennummerhistorie #4
FC Bayern Rückennummerhistorie #5
Fußballhymnen erraten
Länder mit brauner Flagge
Länder der Hanse
Fußballer anhand von Nation, Position und Klub erraten
Europäische Flaggen vor 300 Jahren
Länder mit gelber Flagge
Was fehlt?- Flaggen
Mehr oder weniger als 10?
DJs an bekannten Songs erkennen
FC Bayern Rückennummerhistorie #8
FC Bayern Rückennummerhistorie #7
Rockbands nach Songs erraten
 
Antwortstatistiken
Antwort % Korrekt
Deutsche Weltmeister
71%
WM 2026- Teilnehmer
24%
Flüsse der Welt
10%
Wissensquiz-Allgemeinwissen
10%
Länder anhand von Persönlichkeiten erkennen
5%
Länder mit weißer Flagge
5%
Rockbands/-musiker nach Album erraten
5%
Rocksongs schlecht erklärt
5%
Aktueller FC Bayern Kader (25/26) nach Rückennummern
0%
Fußballer anhand von Nation, Position und Klub erraten
0%
Rekordmeister im Fußball
0%
Rockbands/ -musiker anhand von Emojis erraten
0%
Rockbands nach Songs erraten
0%
Keine übereinstimmenden Quizze gefunden
Verteilung der Resultate
Anzahl Personen mit jedem Resultat
Perzentil nach korrekt beantworteten Fragen
Ihre Resultats-Entwicklung
Sie haben dieses Quiz noch nicht gespielt